[Event "2 IECC (15 min)"]
[Site "Ohrid"]
[Date "2001.06.15"]
[Round "14.1"]
[White "Roeder, Mathias"]
[Black "Epishin, Vladimir"]
[Result "1/2-1/2"]
[WhiteElo "2459"]
[BlackElo "2579"]
[PlyCount "99"]

1. Nf3 g6 2. d4 Nf6 3. c4 Bg7 4. Nc3 d5 5. Bf4 O-O 6. e3 c6 7. Be2 dxc4 8. Bxc4
Bg4 9. O-O Nbd7 10. h3 Bxf3 11. Qxf3 e6 12. Rfd1 Qe7 13. Bb3 Rfd8 14. Bg5 h6
15. Bh4 Rac8 16. Rac1 Nb6 17. Ne4 g5 18. Bg3 Nxe4 19. Qxe4 Nd5 20. Qf3 Rd7 21.
a3 Rcd8 22. Ba2 Qf8 23. Bb1 Ne7 24. h4 f5 25. hxg5 hxg5 26. Ba2 Nd5 27. e4 fxe4
28. Qxe4 Qf5 29. Re1 Qxe4 30. Rxe4 Kf7 31. Rce1 Re7 32. Be5 Bxe5 33. Rxe5 Kf6
34. g3 Rd6 35. Bxd5 Rxd5 36. Rxd5 cxd5 37. Rc1 Kf5 38. f3 g4 39. Kg2 e5 40.
dxe5 Rxe5 41. Kf2 gxf3 42. Kxf3 d4 43. g4+ Kg5 44. Rd1 Re3+ 45. Kf2 Re4 46. Kf3
Rxg4 47. Rh1 d3 48. Rd1 Kf5 49. Rxd3 Rh4 50. Rd5+ 1/2-1/2

[Event "2 IECC (15 min)"]
[Site "Ohrid"]
[Date "2001.06.15"]
[Round "15.4"]
[White "Epishin, Vladimir"]
[Black "Savchenko, Stanislav"]
[Result "1-0"]
[WhiteElo "2579"]
[BlackElo "2517"]
[PlyCount "71"]

1. c4 e5 2. Nc3 Nf6 3. Nf3 Nc6 4. e3 Bb4 5. Qc2 Bxc3 6. Qxc3 Qe7 7. a3 d5 8.
cxd5 Nxd5 9. Qb3 Nb6 10. d3 O-O 11. Be2 Bg4 12. O-O Rad8 13. Rd1 Rd6 14. Bd2
Rfd8 15. Bb4 Nxb4 16. Qxb4 Bh5 17. h3 c6 18. Qc5 Bxf3 19. Bxf3 Qe6 20. Be2 Rd5
21. Qc2 f5 22. b4 f4 23. Bf3 R5d6 24. exf4 exf4 25. a4 Nd5 26. Qc4 Qf7 27. b5
Ne7 28. Re1 Rxd3 29. Qc5 R3d7 30. Qxa7 cxb5 31. axb5 Nf5 32. Re4 Nd4 33. Bg4
Rd6 34. Rae1 Nxb5 35. Qa5 Nd4 36. Rxd4 1-0

[Event "2 IECC (15 min)"]
[Site "Ohrid"]
[Date "2001.06.15"]
[Round "15.10"]
[White "Gyimesi, Zoltan"]
[Black "Aleksandrov, Aleksej"]
[Result "1-0"]
[WhiteElo "2571"]
[BlackElo "2610"]
[PlyCount "99"]

1. d4 Nf6 2. c4 e6 3. Nf3 d5 4. Nc3 Bb4 5. Bg5 h6 6. Bxf6 Qxf6 7. cxd5 exd5 8.
Qa4+ Nc6 9. e3 O-O 10. Be2 Be6 11. a3 Bd6 12. Nb5 Bf5 13. O-O Ne7 14. Nxd6 Qxd6
15. Rfc1 c6 16. b4 a6 17. Qb3 Bg4 18. Qc2 f5 19. g3 Ng6 20. Ne1 Rae8 21. Bf1 f4
22. exf4 Nxf4 23. gxf4 Rxf4 24. Ng2 Rxd4 25. Re1 Rf8 26. Re3 Bf5 27. Qc3 Re4
28. Rae1 h5 29. Bd3 d4 30. Qc4+ Be6 31. Rxe4 Bxc4 32. Bxc4+ Kh8 33. Re6 Qd7 34.
Nh4 Rf6 35. Re8+ Kh7 36. Bd3+ Kh6 37. Rh8+ Kg5 38. Ng2 Qd6 39. Re4 Re6 40.
Rxh5+ Kf6 41. Rf4+ Ke7 42. Rhf5 Kd8 43. h4 Kc7 44. Rg4 Re7 45. Rff4 Qd5 46.
Rxd4 Qa2 47. Ne3 Qxa3 48. Rgf4 a5 49. b5 a4 50. b6+ 1-0

[Event "2 IECC (15 min)"]
[Site "Ohrid"]
[Date "2001.06.15"]
[Round "15.12"]
[White "Savchenko, Stanislav"]
[Black "Epishin, Vladimir"]
[Result "1-0"]
[WhiteElo "2517"]
[BlackElo "2579"]
[PlyCount "121"]

1. c4 Nf6 2. Nc3 e5 3. Nf3 Nc6 4. d3 Bb4 5. Bd2 O-O 6. g3 Nd4 7. Bg2 Nxf3+ 8.
Bxf3 c6 9. Qb3 Bxc3 10. Bxc3 Re8 11. O-O d5 12. cxd5 cxd5 13. Bg2 h6 14. Rac1
d4 15. Bd2 Be6 16. Qb4 Bd5 17. Bxd5 Qxd5 18. Rc7 Qxa2 19. Rxb7 Qe6 20. Rc1 e4
21. Qxd4 Rad8 22. Qxa7 Ng4 23. Rcc7 Ra8 24. Qd4 Rad8 25. Qc4 Qxc4 26. Rxc4 exd3
27. exd3 Ne5 28. Rf4 f6 29. Bc3 Rxd3 30. Kg2 Nf7 31. Ra4 Ng5 32. Raa7 Ne6 33.
h4 Rd5 34. Rd7 Rf5 35. b4 Rc8 36. Bd2 Rc2 37. Be3 Re5 38. Kh3 h5 39. Re7 Rb2
40. Re8+ Kh7 41. Rae7 Nc7 42. Rxe5 fxe5 43. Rxe5 Rxb4 44. Rxh5+ Kg8 45. Re5 Kf7
46. g4 Ne6 47. Rd5 Rb3 48. Kg3 Kf6 49. Rd7 g6 50. Ra7 Rb1 51. Ra6 Rg1+ 52. Kf3
Rh1 53. Bg5+ Ke5 54. Ra5+ Kd6 55. Bf6 Rb1 56. Be5+ Kc6 57. Ra7 Kd5 58. Bg3 Nd4+
59. Kg2 Rb6 60. Rd7+ Ke4 61. f3+ 1-0

[Event "2 IECC (15 min)"]
[Site "Ohrid"]
[Date "2001.06.15"]
[Round "15.15"]
[White "Sokolov, Andrei"]
[Black "Piket, Jeroen"]
[Result "0-1"]
[WhiteElo "2568"]
[BlackElo "2628"]
[PlyCount "50"]

1. e4 e5 2. Nf3 Nf6 3. Nxe5 d6 4. Nf3 Nxe4 5. d4 d5 6. Bd3 Bd6 7. O-O O-O 8. c4
c6 9. cxd5 cxd5 10. Nc3 Nxc3 11. bxc3 Bg4 12. Rb1 Nd7 13. h3 Bh5 14. Rb5 Nb6
15. c4 Bxf3 16. Qxf3 dxc4 17. Bc2 Qd7 18. a4 Rfe8 19. Be3 Rad8 20. Rfb1 Bc7 21.
Bg5 Qe6 22. Bd2 Rxd4 23. Be3 Nd5 24. Rxd5 Rxd5 25. Rxb7 Bb6 0-1

[Event "2 IECC (5 min)"]
[Site "Ohrid"]
[Date "2001.06.15"]
[Round "15.18"]
[White "Epishin, Vladimir"]
[Black "Savchenko, Stanislav"]
[Result "0-1"]
[WhiteElo "2579"]
[BlackElo "2517"]
[PlyCount "56"]

1. c4 e6 2. d4 d5 3. Nc3 c6 4. e4 Bb4 5. e5 Ne7 6. a3 Bxa3 7. bxa3 c5 8. Nf3
Nbc6 9. Be3 b6 10. Rc1 Bb7 11. Bd3 Rf8 12. O-O f6 13. Qc2 f5 14. Rb1 Rf7 15.
Rfc1 g5 16. Qe2 f4 17. h3 Na5 18. Rb2 Rc8 19. Kh2 Rg7 20. Kh1 g4 21. hxg4 Rxg4
22. Rbc2 Nb3 23. Rb1 Na5 24. cxd5 Qxd5 25. Rbc1 Rg3 26. Bc4 a6 27. Bxd5 Rg8 28.
Bxb7 Nd5 0-1

[Event "2 IECC (15 min)"]
[Site "Ohrid"]
[Date "2001.06.15"]
[Round "16.2"]
[White "Piket, Jeroen"]
[Black "Gyimesi, Zoltan"]
[Result "1/2-1/2"]
[WhiteElo "2628"]
[BlackElo "2571"]
[PlyCount "90"]

1. Nf3 d5 2. g3 c6 3. Bg2 Bg4 4. O-O Nd7 5. d3 Ngf6 6. c4 Bxf3 7. exf3 e6 8. f4
Bd6 9. f5 exf5 10. Re1+ Be7 11. cxd5 Nxd5 12. Bxd5 cxd5 13. Nc3 O-O 14. Nxd5
Bd6 15. Qf3 g6 16. d4 Nb6 17. Bh6 Nxd5 18. Qxd5 Bb4 19. Qe5 f6 20. Qe6+ Rf7 21.
Red1 Qd7 22. Qb3 Bf8 23. Bxf8 Raxf8 24. d5 Qd6 25. Re1 Rd8 26. Rad1 Kg7 27. Re6
Qc5 28. d6 f4 29. a3 fxg3 30. hxg3 h5 31. Rd5 Qc1+ 32. Kg2 Qc6 33. f3 Re8 34.
Rxe8 Qxe8 35. Qd3 Rd7 36. b4 Qe6 37. a4 b6 38. Qd2 Kh7 39. a5 bxa5 40. bxa5 Kg7
41. a6 Kf7 42. Rd4 Kg7 43. Qc2 Rxd6 44. Qc7+ Kh6 45. Qxd6 Qe2+ 1/2-1/2

[Event "2 IECC (15 min)"]
[Site "Ohrid"]
[Date "2001.06.15"]
[Round "16.4"]
[White "Delchev, Aleksander"]
[Black "Savchenko, Stanislav"]
[Result "1-0"]
[WhiteElo "2584"]
[BlackElo "2517"]
[PlyCount "121"]

1. c4 e5 2. Nc3 Nf6 3. Nf3 Nc6 4. g3 Bc5 5. d3 h6 6. a3 a5 7. Bg2 d6 8. e3 O-O
9. O-O Re8 10. b3 Bf5 11. h3 Bb6 12. Bb2 Qd7 13. Kh2 Ne7 14. Re1 c6 15. e4 Bh7
16. d4 exd4 17. Nxd4 Rad8 18. Na4 Ba7 19. Qd2 d5 20. exd5 cxd5 21. c5 Ne4 22.
Qxa5 Nc6 23. Nxc6 bxc6 24. Bd4 Bb8 25. Nc3 Bc7 26. Qa6 Nd2 27. Rxe8+ Rxe8 28.
Qa4 Be4 29. Nxe4 dxe4 30. Bc3 Qd3 31. Bxd2 Qxd2 32. Qxc6 Re7 33. Qa8+ Kh7 34.
Bxe4+ f5 35. Bxf5+ g6 36. Bxg6+ Kxg6 37. Qg8+ Kf6 38. Rf1 Qe2 39. Kg1 Rg7 40.
Qf8+ Kg6 41. b4 Kh7 42. Qf5+ Kh8 43. g4 Qe5 44. Qxe5 Bxe5 45. Rb1 Bd4 46. Rd1
Bb2 47. Rd3 Rc7 48. Kg2 Kg7 49. f4 Kf7 50. Rb3 Bd4 51. Kf3 Re7 52. Rd3 Bg1 53.
c6 Re1 54. Rc3 Re8 55. c7 Rc8 56. Rc6 Ke8 57. b5 Kd7 58. Rxh6 Ra8 59. b6 Rxa3+
60. Kg2 Bd4 61. Rd6+ 1-0

[Event "2 IECC (15 min)"]
[Site "Ohrid"]
[Date "2001.06.15"]
[Round "16.6"]
[White "Gyimesi, Zoltan"]
[Black "Piket, Jeroen"]
[Result "1-0"]
[WhiteElo "2571"]
[BlackElo "2628"]
[PlyCount "119"]

1. d4 d6 2. e4 Nf6 3. Nc3 g6 4. Be3 c6 5. f3 Nbd7 6. g4 b5 7. h4 b4 8. Nce2 Nb6
9. Ng3 h6 10. a3 bxa3 11. Rxa3 Qc7 12. Bd3 e5 13. dxe5 dxe5 14. Ra1 h5 15. g5
Nfd7 16. N1e2 Bc5 17. Qd2 Qd6 18. Ba6 Qxd2+ 19. Bxd2 Ke7 20. Nc1 Bxa6 21. Rxa6
Nc4 22. Nd3 Nxd2 23. Kxd2 Bb6 24. Ke2 Rhc8 25. Nf1 Nc5 26. Nxc5 Bxc5 27. Nd2
Rab8 28. Nc4 Rb4 29. b3 f6 30. Nb2 Rb7 31. Nd3 Bd4 32. f4 fxg5 33. hxg5 Rb5 34.
fxe5 Rc7 35. Rf1 Rxe5 36. Nxe5 Bxe5 37. b4 h4 38. Rh1 Bg3 39. Kf3 Kf8 40. Kg4
Re7 41. Rxc6 Rxe4+ 42. Kh3 Rxb4 43. Rxg6 Rc4 44. Rf1+ Ke7 45. Rg7+ Ke6 46. Rxa7
Rxc2 47. g6 Rh2+ 48. Kg4 Be5 49. Re1 Rg2+ 50. Kxh4 Kf5 51. Rxe5+ Kxe5 52. Kh5
Rh2+ 53. Kg5 Ke6 54. Rf7 Rh1 55. Rf2 Ke7 56. g7 Rh3 57. Kg6 Rg3+ 58. Kh7 Rh3+
59. Kg8 Ra3 60. Rh2 1-0